|
|
|
|
| LEADER |
01400nam a2200337 a 4500 |
| 001 |
32376 |
| 003 |
BD-DhAAL |
| 005 |
20250623103009.0 |
| 008 |
171203r19871964nmua c s000 0 eng |
| 010 |
|
|
|a 87010778
|
| 020 |
|
|
|a 0826310044 (pbk.) :
|c $12.95
|
| 020 |
|
|
|a 0385074875
|
| 020 |
|
|
|a 9780826310040
|
| 040 |
|
|
|a DLC
|c DLC
|d DLC
|d BD-DhAAL
|
| 050 |
0 |
0 |
|a NA208
|b .R8 1987
|
| 082 |
0 |
0 |
|a 720.9
|2 19
|
| 100 |
1 |
|
|a Rudofsky, Bernard
|d 1905-
|9 23958
|
| 245 |
1 |
0 |
|a Architecture without architects :
|b a short introduction to non-pedigreed architecture /
|c Bernard Rudofsky.
|
| 260 |
|
|
|a Albuquerque :
|b University of New Mexico Press,
|c c1964, 1987.
|
| 300 |
|
|
|a [128] pages :
|b 156 illustrations ;
|c 24 cm.
|
| 500 |
|
|
|a The book accompanying an exhibition held at the Museum of Modern Art, Nov. 9, 1964-Feb. 7, 1965.
|
| 500 |
|
|
|a Reprint. Originally published: New York : Museum of Modern Art, 1964.
|
| 526 |
|
|
|a AAL
|
| 541 |
|
|
|a Trim Education
|e 32376
|
| 650 |
|
0 |
|a Vernacular architecture
|x Exhibitions.
|9 23959
|
| 650 |
|
0 |
|a Architecture, Primitive
|x Exhibitions.
|9 23960
|
| 650 |
|
0 |
|a Architecture.
|9 42666
|
| 710 |
2 |
|
|a Museum of Modern Art (New York, N.Y.)
|9 23961
|
| 942 |
|
|
|2 ddc
|c BK
|
| 999 |
|
|
|c 38643
|d 38643
|
| 952 |
|
|
|0 0
|1 0
|2 ddc
|4 0
|6 720_900000000000000_RUD
|7 0
|9 62064
|a BRACUL
|b BRACUL
|c GEN
|d 2017-11-29
|e Trim Education
|g 3618.00
|l 0
|o 720.9 RUD
|p 3010032376
|r 2017-11-29
|t 1
|v 3618.00
|w 2017-11-29
|y BK
|